Nepadnite do pasce pri rozhodovaní

Rozhodovanie je najdôležitejšou a zároveň najobtiažnejšou činnosťou každého manažéra. Nesprávne rozhodnutie môže mať nenapraviteľné dôsledky. Môže viesť až k likvidácii firmy. Chyby v myslení. Pasca ukotvenia, pasca status quo, pasca utopených nákladov, pasca potvrdzujúcich dôkazov, pasca zarámovani...

Full description

Saved in:
Bibliographic Details
Main Author: Jankelová, Nadežda, 1966-
Format: Book Chapter
Language:Slovak
Subjects:
Tags: Add Tag
No Tags, Be the first to tag this record!

MARC

LEADER 00000naa$a2200000$$$4500
001 0094344
005 20240502072041.1
041 0 |a slo 
044 |a SK 
245 1 0 |a Nepadnite do pasce pri rozhodovaní  |c Nadežda Jankelová 
520 |a Rozhodovanie je najdôležitejšou a zároveň najobtiažnejšou činnosťou každého manažéra. Nesprávne rozhodnutie môže mať nenapraviteľné dôsledky. Môže viesť až k likvidácii firmy. Chyby v myslení. Pasca ukotvenia, pasca status quo, pasca utopených nákladov, pasca potvrdzujúcich dôkazov, pasca zarámovania, pasce odhadov a predpovedí.. 
610 2 0 |a manažéri 
610 2 0 |a rozhodovanie 
610 2 0 |a myslenie ekonomické 
610 2 0 |a ciele riadenia 
100 1 |a Jankelová, Nadežda, 1966-